| 000 | 00671nam a22002297a 4500 | ||
|---|---|---|---|
| 003 | UA-OsUOA | ||
| 001 | 132864 | ||
| 007 | ta | ||
| 008 | 20180913b un ||||| |||| 00| 0 ukr d | ||
| 090 |
_a7.036(477)"19" _bБ77 |
||
| 942 | _cBK | ||
| 040 |
_aUA-OsUOA _bukr _cUA-OsUOA _dUA-OsUOA |
||
| 245 |
_aБойчукізм. Проект "Великого стилю" _cупор. В. Клименко |
||
| 300 | _a256 с. | ||
| 955 | _a1 | ||
| 041 | _aukr | ||
| 080 | _a7.036(477)"19" | ||
| 020 | _a978-966-97778-0-5 | ||
| 260 |
_aК. _bМистецький арсенал _c2018 |
||
| 650 | 7 |
_a7.0 Загальні питання мистецтва _2UDC |
|
| 999 |
_c419979 _d419979 |
||